000 00529cam a22002171 4500
001 sa 64006480
003 DLC
005 20260227112040.0
008 890626s1963 ii 000 0 hino
010 _asa 64006480
035 _a(OCoLC)19926438
040 _aDLC
_cWaU
_dDLC
042 _apremarc
050 0 0 _aPN6519.I4
_bB36
100 0 _aMahāprajña,
_cĀcārya,
_d1920-2010.
245 1 0 _aBhāva aura anubhāva.
260 _c[1963]
300 _a120 p.
_c19 cm.
500 _aIn Hindi.
650 0 _aProverbs, Hindi.
999 _c59725
_d59725